Preferring Women (Record no. 286)

MARC details
000 -LEADER
fixed length control field 007270000a22002290004500
003 - CONTROL NUMBER IDENTIFIER
control field LK-CoMWRAF
005 - DATE AND TIME OF LATEST TRANSACTION
control field 20230921103516.0
008 - FIXED-LENGTH DATA ELEMENTS--GENERAL INFORMATION
fixed length control field 230817t2001 ||||| |||| 00| 0 eng d
020 ## - INTERNATIONAL STANDARD BOOK NUMBER
International Standard Book Number 9558027022
040 ## - CATALOGING SOURCE
Original cataloging agency LK-CoMWRAF
Modifying agency LK-CoMWRAF
Description conventions LK-CoMWRAF
041 ## - LANGUAGE CODE
Language code of text/sound track or separate title English
082 ## - DEWEY DECIMAL CLASSIFICATION NUMBER
Classification number 323.3
Item number GOM
942 ## - ADDED ENTRY ELEMENTS (KOHA)
Koha item type Books
100 ## - MAIN ENTRY--PERSONAL NAME
Personal name Gomez, Mario
700 ## - ADDED ENTRY--PERSONAL NAME
Personal name Gomez, Shyamala
245 ## - TITLE STATEMENT
Title Preferring Women
260 ## - PUBLICATION, DISTRIBUTION, ETC. (IMPRINT)
Place of publication, distribution, etc. Colombo:
Name of publisher, distributor, etc. Canadian International Development Agency's (CIDA's) Shakti Gender Equity Project,
Date of publication, distribution, etc. 2001
300 ## - PHYSICAL DESCRIPTION
Extent xiv. 108 p. ; 23 cm.
Other physical details Bibliography and index included
490 ## - SERIES STATEMENT
Series statement Gender and Politics in Sri Lanka
650 ## - SUBJECT ADDED ENTRY--TOPICAL TERM
Topical term or geographic name as entry element WOMEN-Political activity - Sri Lanka
650 ## - SUBJECT ADDED ENTRY--TOPICAL TERM
Topical term or geographic name as entry element Women's rights -- Sri Lanka
Holdings
Withdrawn status Lost status Damaged status Not for loan Permanent Location Current Location Date acquired Full call number Barcode Koha item type
        Resource center, Muslim Women's Research And Action Forum Resource center, Muslim Women's Research And Action Forum 2023-08-17 323.3 GOM RAF540 Books

Copyright © 2023 Muslim Women's Research and Action Forum (MWRAF), No 27/3, Anderson Road, Kalubowila, Dehiwela. Funded by The Asia Fundation